|
|
|
|
| LEADER |
00000nam#a22000001a#4500 |
| 001 |
00035611 |
| 003 |
AR-BaUAD |
| 005 |
20240916135046.0 |
| 008 |
230927s1999####ne#ae||##||||||||#||eng|d |
| 020 |
|
|
|a 9064503443
|
| 040 |
|
|
|a AR-BaUAD
|b spa
|c AR-BaUAD
|
| 041 |
|
|
|a eng
|
| 044 |
|
|
|c nl
|2 ISO3166-1
|
| 080 |
|
|
|a 72.036
|x ()
|
| 100 |
1 |
|
|a Speak, Michael
|
| 245 |
1 |
0 |
|a Mart Stam's Trousers :
|b Crimson with Michael Speak and Gerard Hadders
|
| 260 |
|
|
|a Rotterdam :
|b 010 Publishers,
|c c1999
|
| 300 |
|
|
|a 285 p. :
|b il. axonom., bocetos, fot, planos. reprod.
|
| 500 |
|
|
|a Contents: Protect Me from What I Want -- Stories from behind the Scenes of Dutch Moral Modernism -- Door to Door -- Mr. Oud Loses Ornament -- It Tkes a Village -- It Takes a Village -- "The Only Truly Canonical Building in Northern Europe" -- Fistula -- Mart Stam's Trousers -- Mothership -- How Modern is Dutch Architecture? -- Gothic -- Mr. Maaskant Meets the Long-Haired Critics -- Creep -- Raw Power/No Fun -- Susprise -- Alessandro Mendini's Love Letter from Holland -- Signature -- Disneyland with Euthanasia -- A Fully Realized Art -- Story.
|
| 500 |
|
|
|a Cody Speaks: p. 1-4.
|
| 700 |
1 |
|
|a Hadders, Gerard
|
| 655 |
|
|
|a TEXTO
|
| 852 |
|
|
|c FALTA UBICACION (campo 203)!!!
|
| 952 |
|
|
|0 0
|1 0
|4 0
|7 0
|9 43473
|a AR-BaUAD
|b AR-BaUAD
|d 2023-09-27
|e Donación Arrese
|g 57316.00
|i 37264
|l 0
|p 37264
|r 2024-09-16 13:50:46
|w 2024-09-16
|y BK
|
| 990 |
|
|
|a Ej.1 : 37264 . 2023/09/27 -- Donación Arrese -- (57316 pesos).
|b ADM
|
| 990 |
|
|
|a AQ199
|b TD
|
| 990 |
|
|
|a LIS
|b OP
|
| 990 |
|
|
|a AAQ00035611
|b CC
|
| 998 |
|
|
|a AAQ
|b Bibun 76
|
| 942 |
|
|
|c BKS
|
| 999 |
|
|
|c 23308
|d 23308
|